Del espíritu de las leyes
Zapisane w:
| 1. autor: | |
|---|---|
| Format: | Książka |
| Język: | hiszpański |
| Wydane: |
Ciudad de México
Porrúa
1977
|
| Wydanie: | 3a. ed |
| Seria: | Sepan cuantos, 191
|
| Hasła przedmiotowe: | |
| Etykiety: |
Dodaj etykietę
Nie ma etykietki, Dołącz pierwszą etykiete!
|
MARC
| LEADER | 00000nam a2200000 a 4500 | ||
|---|---|---|---|
| 001 | UCX2587 | ||
| 003 | CL-VaPUC | ||
| 008 | 910627e19770000MX |||||||||||||||||spa|d | ||
| 082 | 0 | 4 | |a 340.13 |b MON |2 21 |
| 100 | |a Montesquieu, Charles Louis de Secondat, Barón de |e autor |9 515729 | ||
| 245 | 1 | 0 | |a Del espíritu de las leyes |
| 250 | |a 3a. ed | ||
| 300 | |a 453 p | ||
| 942 | |c BK | ||
| 945 | |d 19910627 00:00:00 | ||
| 260 | |a Ciudad de México |b Porrúa |c 1977 | ||
| 500 | |a Incluye cronología de Montesquieu y de algunos sucesos culturales y políticos contemporáneos | ||
| 650 | 0 | |a Filosofía del derecho |9 255050 | |
| 650 | 0 | |a Estado |9 255503 | |
| 583 | |a last modification |c 19910627 00:00:00 |k Rodrigo Vera | ||
| 490 | 0 | |a Sepan cuantos, 191 | |
| 999 | |c 223579 |d 223577 | ||
| 952 | |0 0 |1 0 |4 0 |6 340_130000000000000_MON_1977 |7 0 |8 A |9 219521 |a BIBHIS |b BIBHIS |d 2019-11-15 |i 2882299 |o 340.13 MON 1977 |p 2882299 |r 2025-01-20 |w 2019-11-15 |y BK |k HIS | ||